Navrženj podwýboru Unie, Způsobu a Prostředků k Spogenj Protestantů Obogjho Wyznánj w Králowstwj Uherském

Bibliographic Details
Format: Book
Language:English
PhysicalDescription:32 s.
Published: Prešporok Hrabě Karel Zay 1846

MARC

LEADER 00000nam a2200000 a 4500
001 vtls008413112
003 SK-MaSNL
005 20260224052419.0
008 051202 000 0 eng
040 |a SNK  |b slo  |c SNK  |e AACR2 
245 1 |a Navrženj podwýboru Unie, Způsobu a Prostředků k Spogenj Protestantů Obogjho Wyznánj w Králowstwj Uherském 
260 |a Prešporok  |b Hrabě Karel Zay  |c 1846 
300 |a 32 s. 
999 |c 865049  |d 866979 
952 |a SNK  |b SNK  |y VYP  |7 0  |p 17A0492027  |o snkSD 2752/7 D4  |i snkK 496/72  |3 Rekatalogizácia  |0 0  |1 0  |4 0  |d 2005-12-02  |l 0  |r 2026-02-24 05:24:19  |w 2026-02-24 
952 |a SNK  |b SNK  |y VYP  |7 0  |p 17A0492010  |o snkSD 2752/7 D2  |i snkK 778/68  |3 Rekatalogizácia  |0 0  |1 0  |4 0  |d 2005-12-02  |l 0  |r 2026-02-24 05:24:19  |w 2026-02-24 
952 |a SNK  |b SNK  |y VYP  |7 0  |p 17A0492026  |o snkSD 2752/7 D1  |i snkKSF 4139/57  |3 Rekatalogizácia  |0 0  |1 0  |4 0  |d 2005-12-02  |l 0  |r 2026-02-24 05:24:19  |w 2026-02-24 
952 |a SNK  |b SNK  |y VYP  |7 0  |p 17A0492009  |o snkSD 2752/7 D3  |i snkK 440/72  |3 Rekatalogizácia  |0 0  |1 0  |4 0  |d 2005-12-02  |l 0  |r 2026-02-24 05:24:19  |w 2026-02-24